[Event "40th Olympiad Open"]
[Site "Istanbul TUR"]
[Date "2012.08.30"]
[Round "3.15"]
[Board "4"]
[White "Kalezic, Blazo"]
[Black "Ibarra Chami, Luis Fernando"]
[Result "0-1"]
[WhiteTitle "IM"]
[BlackTitle "IM"]
[WhiteElo "2438"]
[BlackElo "2481"]
[WhiteTeam "Montenegro"]
[BlackTeam "Mexico"]
[WhiteFideId "921815"]
[BlackFideId "5105048"]
[EventDate "2012.08.28"]

1. e4 c5 2. Nf3 d6 3. d4 cxd4 4. Nxd4 Nf6 5. Nc3 Nc6 6. f3 e5 7. Nb3 Be7 8. Be3
O-O 9. Qd2 a5 10. Bb5 Be6 11. Rd1 Na7 12. Be2 Nc8 13. Nd5 a4 14. Na1 Bxd5 15.
exd5 Qa5 16. Qxa5 Rxa5 17. c4 Bd8 18. Nc2 Bb6 19. Bxb6 Nxb6 20. Na3 Rc8 21. Kd2
Kf8 22. Rc1 Ke7 23. Rc3 Nfd7 24. Rhc1 Nc5 25. Kc2 f5 26. Kb1 Raa8 27. Nb5 Na6
28. g3 Rc5 29. f4 Nd7 30. fxe5 Nxe5 31. Re3 g6 32. Rcc3 Rcc8 33. Bd1 Nc5 34. Bc2
Rf8 35. Re1 Kd7 36. Nd4 f4 37. gxf4 Rxf4 38. Ne6 Nxe6 39. dxe6+ Kxe6 40. Rh3 Rf7
41. c5 Re7 42. Rhe3 Ra5 43. cxd6 Kxd6 44. Rd1+ Ke6 45. Re4 a3 46. Bb3+ Kf6 47.
Rd6+ Kg7 48. bxa3 Rxa3 49. Rd5 Kf6 50. Rd6+ Kf5 51. Bc2 Rf3 52. h4 Rf4 53. Re1+
Kg4 54. Rd2 Rb4+ 55. Ka1 Nc6 56. Rg1+ Kh5 57. Rd5+ Kxh4 58. Bd1 Re3 59. Rd7 h5
60. Rd2 Ne5 61. Rh2+ Rh3 62. Rd2 Ng4 63. Rd6 g5 64. Rd2 Ne3 65. Bb3 g4 66. Re2
Rf4 67. Kb2 Rhf3 68. Rh2+ Kg5 69. Rgh1 Rf2+ 70. Rxf2 Rxf2+ 71. Kc3 Kh6 72. Bc2
Nf5 73. Bxf5 0-1

[Event "40th Olympiad Open"]
[Site "Istanbul TUR"]
[Date "2012.08.30"]
[Round "3.16"]
[Board "3"]
[White "Swiercz, Dariusz"]
[Black "Flores Rios, Mauricio"]
[Result "1/2-1/2"]
[WhiteTitle "GM"]
[BlackTitle "GM"]
[WhiteElo "2594"]
[BlackElo "2498"]
[WhiteTeam "Poland"]
[BlackTeam "Chile"]
[WhiteFideId "1126881"]
[BlackFideId "3408027"]
[EventDate "2012.08.28"]

1. d4 Nf6 2. c4 g6 3. Nc3 Bg7 4. g3 O-O 5. Bg2 c6 6. e4 d6 7. Nge2 Qa5 8. O-O e5
9. h3 Nbd7 10. Be3 exd4 11. Bxd4 Re8 12. b3 a6 13. a4 Nc5 14. Qc2 Qb4 15. Rab1
a5 16. Rfd1 h5 17. Nf4 Be6 18. Nd3 Nxd3 19. Na2 Qa3 20. Rxd3 b5 21. Rf3 Nxe4 22.
Bxg7 Kxg7 23. b4 Qxa4 24. Qb2+ Kg8 25. Ra3 Qxa3 26. Qxa3 axb4 27. Qxb4 Bxc4 28.
Bxe4 Rxe4 29. Nc3 Re6 30. Qb2 c5 31. Qd2 b4 32. Nd5 Ra2 33. Qd1 Ree2 34. Ne3 1/2-1/2

[Event "40th Olympiad Open"]
[Site "Istanbul TUR"]
[Date "2012.08.30"]
[Round "3.16"]
[Board "4"]
[White "Salinas Herrera, Pablo"]
[Black "Macieja, Bartlomiej"]
[Result "0-1"]
[WhiteTitle "FM"]
[BlackTitle "GM"]
[WhiteElo "2417"]
[BlackElo "2594"]
[WhiteTeam "Chile"]
[BlackTeam "Poland"]
[WhiteFideId "3407128"]
[BlackFideId "1104306"]
[EventDate "2012.08.28"]

1. d4 Nf6 2. c4 e6 3. Nc3 Bb4 4. e3 O-O 5. Bd3 c5 6. Nf3 d5 7. O-O cxd4 8. exd4
dxc4 9. Bxc4 b6 10. Bg5 Bb7 11. Rc1 Nbd7 12. Re1 Rc8 13. Qb3 Bxc3 14. Rxc3 h6
15. Bh4 Bd5 16. Bxd5 Rxc3 17. bxc3 exd5 18. Qa3 a5 19. Ne5 Qc7 20. f3 Rc8 21.
Re3 Nxe5 22. dxe5 Nd7 23. Qd6 Qc6 24. Rd3 Nc5 25. Rxd5 Qa4 26. Bf2 Qxa2 27. Bxc5
Rxc5 28. Rxc5 bxc5 29. Qxc5 a4 30. c4 Kh7 31. e6 fxe6 32. Qb6 a3 33. c5 Qc2 0-1

[Event "40th Olympiad Open"]
[Site "Istanbul TUR"]
[Date "2012.08.30"]
[Round "3.17"]
[Board "1"]
[White "Solomon, Kenny"]
[Black "Solak, Dragan"]
[Result "1/2-1/2"]
[WhiteTitle "IM"]
[BlackTitle "GM"]
[WhiteElo "2414"]
[BlackElo "2599"]
[WhiteTeam "South Africa"]
[BlackTeam "Turkey"]
[WhiteFideId "14300192"]
[BlackFideId "916811"]
[EventDate "2012.08.28"]

1. d4 d6 2. Nf3 g6 3. e4 Bg7 4. c3 Nf6 5. Bd3 O-O 6. O-O Nc6 7. d5 Nb8 8. c4 c6
9. Nc3 Bg4 10. h3 Bxf3 11. Qxf3 Nbd7 12. Bd2 e6 13. dxc6 bxc6 14. Qe2 Nc5 15. b4
Nxd3 16. Qxd3 d5 17. exd5 exd5 18. Rad1 a5 19. bxa5 Rxa5 20. cxd5 Nxd5 21. Nxd5
Rxd5 22. Qc2 c5 23. Be3 c4 24. a4 c3 25. Ra1 Qa5 26. Qb3 Rc8 27. Ra2 h5 28. Rb1
Be5 29. Qc2 Rcd8 30. Qe2 R8d6 31. g4 hxg4 32. hxg4 Qd8 33. Kg2 Bd4 34. Bf4 Re6
35. Qf3 Rf6 36. Rb8 Qxb8 37. Bxb8 Rxf3 38. Kxf3 Rc5 39. Bf4 c2 1/2-1/2

[Event "40th Olympiad Open"]
[Site "Istanbul TUR"]
[Date "2012.08.30"]
[Round "3.17"]
[Board "2"]
[White "Ipatov, Alexander"]
[Black "Kobese, Watu"]
[Result "1-0"]
[WhiteTitle "GM"]
[BlackTitle "IM"]
[WhiteElo "2577"]
[BlackElo "2363"]
[WhiteTeam "Turkey"]
[BlackTeam "South Africa"]
[WhiteFideId "14116731"]
[BlackFideId "14300141"]
[EventDate "2012.08.28"]

1. d4 d5 2. c4 e6 3. Nf3 c5 4. cxd5 exd5 5. Nc3 Nc6 6. g3 Nf6 7. Bg2 Be7 8. O-O
O-O 9. Bg5 c4 10. b3 cxb3 11. Qxb3 Na5 12. Qb5 Be6 13. a4 Rc8 14. Rfc1 Rc4 15.
Bxf6 gxf6 16. Nd2 Rxd4 17. Nb3 Nxb3 18. Qxb3 Qd7 19. Rd1 Rb4 20. Qa2 d4 21. Nd5
Kh8 22. e4 Bxd5 23. exd5 Bd6 24. Qd2 Kg7 25. a5 Re8 26. Re1 Rxe1+ 27. Rxe1 Qf5
28. Be4 Qc8 29. Kg2 Rc4 30. Qe2 Rc1 31. Qh5 h6 32. Bf5 Qc4 33. Bd3 Qc3 34. Re4
Qd2 35. Qf5 Qd1 36. Re8 1-0

[Event "40th Olympiad Open"]
[Site "Istanbul TUR"]
[Date "2012.08.30"]
[Round "3.17"]
[Board "3"]
[White "Johannes Manyedi, Mabusela"]
[Black "Esen, Baris"]
[Result "1-0"]
[WhiteTitle "IM"]
[BlackTitle "GM"]
[WhiteElo "2306"]
[BlackElo "2587"]
[WhiteTeam "South Africa"]
[BlackTeam "Turkey"]
[WhiteFideId "14300702"]
[BlackFideId "6302114"]
[EventDate "2012.08.28"]

1. d4 Nf6 2. Nf3 g6 3. c4 Bg7 4. Nc3 d5 5. Qb3 dxc4 6. Qxc4 O-O 7. e4 c6 8. Be2
b5 9. Qb3 Qa5 10. e5 Ne4 11. O-O Be6 12. Qc2 Nxc3 13. bxc3 Nd7 14. Bd2 Bc4 15.
Bxc4 bxc4 16. h4 f6 17. h5 gxh5 18. Rfe1 f5 19. Nh4 e6 20. Qd1 Rab8 21. Qxh5 Rf7
22. Qe2 Rb2 23. Qxc4 Rxd2 24. Qxe6 Nf8 25. Qxc6 Rc7 26. Qa8 Qxc3 27. Nxf5 Rxf2
28. Kxf2 Qc2+ 29. Kg1 Qxf5 30. Qe4 Qc8 31. Rad1 Ng6 32. Rf1 Qe6 33. Qa8+ Nf8 34.
Rf4 Qc8 35. Qxc8 Rxc8 36. Rf3 Rd8 37. Rfd3 Kf7 38. Kf2 Ng6 39. Ke3 Ne7 40. Ke4
Rc8 41. Rf1+ Ke8 42. Rb3 Rc2 43. Rb8+ Nc8 44. Kd3 Rc7 45. Rfb1 Bf8 46. R1b7 Kd8
47. Rxc7 Kxc7 48. Rb3 a5 49. Ke4 a4 50. Rf3 Bb4 51. d5 Kb6 52. Rd3 Na7 53. d6
Nc6 54. e6 Kb5 55. a3 Bc5 56. Kd5 h5 57. Rc3 1-0

[Event "40th Olympiad Open"]
[Site "Istanbul TUR"]
[Date "2012.08.30"]
[Round "3.17"]
[Board "4"]
[White "Yilmaz, Mustafa"]
[Black "Cawdery, Daniel"]
[Result "1-0"]
[WhiteTitle "IM"]
[BlackTitle "CM"]
[WhiteElo "2543"]
[BlackElo "2284"]
[WhiteTeam "Turkey"]
[BlackTeam "South Africa"]
[WhiteFideId "6302718"]
[BlackFideId "14300249"]
[EventDate "2012.08.28"]

1. c4 Nf6 2. Nc3 d5 3. cxd5 Nxd5 4. g3 e5 5. Bg2 Nb6 6. e3 Nc6 7. Nge2 h5 8. d4
h4 9. d5 Ne7 10. e4 Bd7 11. Qd3 Nec8 12. f4 hxg3 13. fxe5 Rxh2 14. Qxg3 Rxh1+
15. Bxh1 Qe7 16. Bf3 Nc4 17. e6 1-0

[Event "40th Olympiad Open"]
[Site "Istanbul TUR"]
[Date "2012.08.30"]
[Round "3.18"]
[Board "1"]
[White "Laznicka, Viktor"]
[Black "Filippov, Anton UZB"]
[Result "1-0"]
[WhiteTitle "GM"]
[BlackTitle "GM"]
[WhiteElo "2683"]
[BlackElo "2617"]
[WhiteTeam "Czech Republic"]
[BlackTeam "Uzbekistan"]
[WhiteFideId "316385"]
[BlackFideId "14200988"]
[EventDate "2012.08.28"]

1. d4 Nf6 2. c4 e6 3. Nf3 c5 4. d5 b5 5. Bg5 b4 6. e4 d6 7. Bd3 Be7 8. O-O e5 9.
a3 bxa3 10. Nxa3 Nxd5 11. cxd5 Bxg5 12. Nxg5 Qxg5 13. Nc4 Qd8 14. Qa4+ Kf8 15.
b4 cxb4 16. Rfc1 a5 17. Nxa5 g6 18. Qxb4 Kg7 19. Bf1 Nd7 20. Nc4 Rxa1 21. Rxa1
Nc5 22. f3 Qc7 23. Rc1 Bd7 24. Nxd6 Qxd6 25. Qxc5 Qxc5+ 26. Rxc5 Rc8 27. Ra5 Rc2
28. Ra7 Bc8 29. Bb5 Rb2 30. Bc6 Rb6 31. Ra8 Ba6 32. d6 Rxc6 33. d7 Rd6 34. d8=Q
Rxd8 35. Rxd8 g5 36. Rd5 f6 37. Rc5 Kg6 38. Kf2 h5 39. g3 Bd3 40. h4 gxh4 41.
gxh4 Bb1 42. Ra5 Bd3 43. Ke3 Bf1 44. Ra2 Kf7 45. Rf2 Bb5 46. f4 exf4+ 47. Rxf4
Kg6 48. Kd4 Ba6 49. Kd5 Bb7+ 50. Ke6 Kg7 51. Ke7 Ba8 52. Rxf6 Bxe4 53. Rf1 Kg6
54. Rg1+ Kh6 55. Kf6 Bf3 56. Rg8 Kh7 57. Re8 Bd1 58. Kg5 Kg7 59. Re7+ Kf8 60.
Kf6 Bf3 61. Re1 Bg4 62. Kg6 Bd7 63. Kxh5 Bb5 64. Rg1 Bd3 65. Rg5 Kf7 66. Kg4 Kf6
67. Kf4 Ke6 68. h5 Kf6 69. h6 Kf7 70. Rg7+ Kf8 71. Kg5 1-0

[Event "40th Olympiad Open"]
[Site "Istanbul TUR"]
[Date "2012.08.30"]
[Round "3.18"]
[Board "2"]
[White "Dzhumaev, Marat"]
[Black "Navara, David"]
[Result "1/2-1/2"]
[WhiteTitle "GM"]
[BlackTitle "GM"]
[WhiteElo "2499"]
[BlackElo "2691"]
[WhiteTeam "Uzbekistan"]
[BlackTeam "Czech Republic"]
[WhiteFideId "14200236"]
[BlackFideId "309095"]
[EventDate "2012.08.28"]

1. e4 c5 2. c3 d5 3. exd5 Qxd5 4. d4 g6 5. Nf3 Bg7 6. Na3 cxd4 7. Nb5 Na6 8. Be3
Nf6 9. Qxd4 Qxd4 10. Bxd4 b6 11. Ne5 Bb7 12. Ng4 O-O 13. Nxf6+ Bxf6 14. Bxf6
exf6 15. Nd6 Nc5 16. Nxb7 Rfe8+ 17. Kd2 Nxb7 18. Kc2 Nc5 19. b4 Ne4 20. f3 Nd6
21. Bd3 a5 22. bxa5 Rxa5 23. Rhb1 b5 24. Rb4 Nc4 25. g3 h5 26. a4 Ne3+ 27. Kd2
bxa4 28. Rbxa4 Rd5 29. Ra8 Nc4+ 30. Kc2 Ne3+ 31. Kd2 Nc4+ 32. Kc1 Nd6 33. Rxe8+
Nxe8 34. Kc2 Kf8 35. c4 Rc5 36. Kc3 Nc7 37. Be4 f5 38. Bb7 f4 39. gxf4 Rf5 40.
Be4 Rxf4 41. Kd4 Rh4 42. Ke5 Ke7 43. Ra7 f6+ 44. Kd4 Kd6 45. c5+ Kd7 46. Ke3 f5
47. Bd5 g5 48. Bf7 Rxh2 49. Bg6 f4+ 50. Ke4 h4 51. Ke5 Re2+ 52. Kf6 g4 53. Bf5+
Kc6 54. Bxg4 Nd5+ 1/2-1/2

[Event "40th Olympiad Open"]
[Site "Istanbul TUR"]
[Date "2012.08.30"]
[Round "3.18"]
[Board "4"]
[White "Khamrakulov, Djurabek"]
[Black "Babula, Vlastimil"]
[Result "1/2-1/2"]
[WhiteTitle "IM"]
[BlackTitle "GM"]
[WhiteElo "2454"]
[BlackElo "2595"]
[WhiteTeam "Uzbekistan"]
[BlackTeam "Czech Republic"]
[WhiteFideId "14201143"]
[BlackFideId "301264"]
[EventDate "2012.08.28"]

1. e4 c5 2. c3 d5 3. exd5 Qxd5 4. d4 Nf6 5. Nf3 Bg4 6. Be2 e6 7. h3 Bh5 8. O-O
Nc6 9. Be3 cxd4 10. Nxd4 Bxe2 11. Qxe2 Be7 12. Nd2 O-O 13. N2f3 Rfc8 14. Rfd1 h6
15. b3 a6 16. Nxc6 Qxc6 17. c4 Bc5 18. Bxc5 Qxc5 19. Qe5 Qxe5 20. Nxe5 Rd8 21.
f3 Kf8 22. Kf2 Ke7 23. h4 g5 24. hxg5 hxg5 25. Ke3 Rac8 26. Rac1 Nd7 27. Nxd7
Rxd7 28. Rxd7+ Kxd7 29. b4 Rh8 30. Rd1+ Kc7 31. Rd2 1/2-1/2

[Event "40th Olympiad Open"]
[Site "Istanbul TUR"]
[Date "2012.08.30"]
[Round "3.19"]
[Board "3"]
[White "Palac, Mladen"]
[Black "Berg, Emanuel"]
[Result "1-0"]
[WhiteTitle "GM"]
[BlackTitle "GM"]
[WhiteElo "2599"]
[BlackElo "2576"]
[WhiteTeam "Croatia"]
[BlackTeam "Sweden"]
[WhiteFideId "14500116"]
[BlackFideId "1704060"]
[EventDate "2012.08.28"]

1. e4 e6 2. d4 d5 3. Nc3 Bb4 4. e5 c5 5. a3 Bxc3+ 6. bxc3 Ne7 7. Qg4 Qc7 8. Qxg7
Rg8 9. Qxh7 cxd4 10. Ne2 Nbc6 11. f4 dxc3 12. h4 d4 13. h5 Bd7 14. Qd3 O-O-O 15.
Rb1 Kb8 16. Ng3 Bc8 17. Ne4 Nxe5 18. fxe5 Qxe5 19. Qf3 Nd5 20. Bc4 Ne3 21. Rb5
Qc7 22. Bxe3 dxe3 23. Rc5 Qb6 24. O-O f5 25. Qf4+ Ka8 26. Qxe3 Bd7 27. Nf6 Bc6
28. Nxg8 Rxg8 29. Rf2 f4 30. Qe5 f3 31. Bf1 fxg2 32. Bxg2 Bxg2 33. Rxg2 Qb1+ 34.
Kh2 Rxg2+ 35. Kxg2 Qxc2+ 36. Kf3 Qd3+ 37. Kf4 Qd2+ 38. Qe3 Qd6+ 39. Kg4 Qd1+ 40.
Kf4 Qd6+ 41. Ke4 b6 42. Rxc3 1-0

[Event "40th Olympiad Open"]
[Site "Istanbul TUR"]
[Date "2012.08.30"]
[Round "3.20"]
[Board "1"]
[White "Cuartas, Jaime Alexander"]
[Black "Ivanisevic, Ivan"]
[Result "1/2-1/2"]
[WhiteTitle "GM"]
[BlackTitle "GM"]
[WhiteElo "2521"]
[BlackElo "2645"]
[WhiteTeam "Colombia"]
[BlackTeam "Serbia"]
[WhiteFideId "4401190"]
[BlackFideId "912417"]
[EventDate "2012.08.28"]

1. e4 e5 2. Nf3 Nc6 3. Bb5 a6 4. Ba4 Nf6 5. O-O Be7 6. Bxc6 dxc6 7. d3 Nd7 8.
Nbd2 f6 9. Nc4 Nf8 10. d4 exd4 11. Nxd4 Ng6 12. Be3 c5 13. Ne2 Qxd1 14. Rfxd1
Be6 15. Nd2 O-O-O 16. f4 f5 17. e5 b6 18. Kf2 Kb7 19. b3 h6 20. Rac1 Bf7 21. c4
Nf8 22. Nf3 Ne6 23. Ng3 g6 24. h4 Nd4 25. Nxd4 cxd4 26. Bxd4 Rhg8 27. Be3 Bxh4
28. Rh1 Bxg3+ 29. Kxg3 Rd3 30. Kf2 h5 31. Rhd1 Rxd1 32. Rxd1 Kc8 33. Kg3 Rd8 34.
Rxd8+ Kxd8 35. Kh4 Ke7 36. Kg5 Ke6 37. Kh6 Be8 38. g3 Kf7 39. c5 b5 40. Bd2 Bd7
41. Ba5 c6 42. b4 Be6 43. a3 Bd5 44. Kg5 Be6 45. Kh6 Bd5 46. Kg5 Be6 47. Kh6 Bd5 1/2-1/2

[Event "40th Olympiad Open"]
[Site "Istanbul TUR"]
[Date "2012.08.30"]
[Round "3.20"]
[Board "2"]
[White "Markus, Robert"]
[Black "Zapata, Alonso"]
[Result "1-0"]
[WhiteTitle "GM"]
[BlackTitle "GM"]
[WhiteElo "2599"]
[BlackElo "2481"]
[WhiteTeam "Serbia"]
[BlackTeam "Colombia"]
[WhiteFideId "921637"]
[BlackFideId "4400011"]
[EventDate "2012.08.28"]

1. d4 Nf6 2. c4 g6 3. g3 Bg7 4. Bg2 O-O 5. Nc3 d6 6. Nf3 c5 7. O-O Nc6 8. dxc5
dxc5 9. Bf4 Nd7 10. Qc1 Nd4 11. Rd1 Qa5 12. Nxd4 cxd4 13. Nd5 Qd8 14. Bc7 Qe8
15. e3 dxe3 16. Qxe3 e6 17. Nc3 Nb6 18. b3 f5 19. Rac1 Qf7 20. Nb5 Bf6 21. Bd6
Rd8 22. c5 Nd5 23. Rxd5 exd5 24. Nc7 d4 25. Qe1 1-0

[Event "40th Olympiad Open"]
[Site "Istanbul TUR"]
[Date "2012.08.30"]
[Round "3.20"]
[Board "3"]
[White "Barrientos, Sergio E"]
[Black "Sedlak, Nikola"]
[Result "0-1"]
[WhiteTitle "GM"]
[BlackTitle "GM"]
[WhiteElo "2500"]
[BlackElo "2549"]
[WhiteTeam "Colombia"]
[BlackTeam "Serbia"]
[WhiteFideId "4401824"]
[BlackFideId "922900"]
[EventDate "2012.08.28"]

1. e4 e6 2. d4 d5 3. Nc3 Nf6 4. e5 Nfd7 5. f4 c5 6. Nf3 Nc6 7. Be3 Be7 8. Qd2
O-O 9. dxc5 Bxc5 10. O-O-O Qa5 11. Bxc5 Nxc5 12. h4 Bd7 13. h5 b5 14. Kb1 b4 15.
Ne2 Ne4 16. Qe1 Rfc8 17. Nd2 b3 18. Nxb3 Qb6 19. Ned4 Nxd4 20. Rxd4 a5 21. Bd3
a4 22. Rb4 Qa7 23. Nc1 a3 24. Bxe4 dxe4 25. Qxe4 axb2 26. Rxb2 Bc6 27. Qe2 Qa4
28. h6 Qxf4 29. hxg7 Qe4 30. Qd3 Ra5 31. Rh2 Rxe5 32. Qc3 Bd7 33. Qd2 Ba4 34.
Nd3 Qe2 35. g3 Qf1+ 36. Nc1 Bxc2+ 37. Rxc2 Rb5+ 38. Rb2 Rbc5 39. Rb4 Rxc1+ 40.
Kb2 Rb1+ 0-1

[Event "40th Olympiad Open"]
[Site "Istanbul TUR"]
[Date "2012.08.30"]
[Round "3.20"]
[Board "4"]
[White "Popovic, Dusan"]
[Black "Rios, Cristhian Camilo"]
[Result "1-0"]
[WhiteTitle "GM"]
[BlackTitle "FM"]
[WhiteElo "2579"]
[BlackElo "2398"]
[WhiteTeam "Serbia"]
[BlackTeam "Colombia"]
[WhiteFideId "927031"]
[BlackFideId "4403940"]
[EventDate "2012.08.28"]

1. e4 c5 2. Nf3 e6 3. g3 a6 4. Bg2 b5 5. O-O Bb7 6. Qe2 d6 7. a4 bxa4 8. d4 cxd4
9. Nxd4 Nd7 10. Rxa4 Ngf6 11. Rb4 Nc5 12. Nb3 Nfd7 13. Nxc5 Nxc5 14. Rd4 Be7 15.
Rfd1 e5 16. Rc4 Nd7 17. Be3 O-O 18. Nc3 Rc8 19. Rxc8 Qxc8 20. Nd5 Bxd5 21. Rxd5
Qb7 22. b3 Nf6 23. Ra5 Ra8 24. Ra4 Bd8 25. h3 a5 26. Qd3 Bc7 27. Bf1 Nd7 28. Qb5
Qxb5 29. Bxb5 Nc5 30. Ra1 Rb8 31. Bc6 Ne6 32. Bd5 Nd4 33. Bxd4 exd4 34. Kf1 Bb6
35. Ke2 Rc8 36. Bc4 Kf8 37. Kd3 Ke7 38. Re1 f6 39. h4 Bc5 40. f4 Rf8 41. Rh1 Ra8
42. Ra1 Ra7 43. g4 Bb6 44. g5 Ra8 45. Rg1 Rf8 46. gxf6+ Kxf6 47. Rg5 g6 48. Rb5
Rb8 49. Rd5 Ke7 50. Rb5 Bc7 51. Rg5 Bb6 52. h5 Kf6 53. Rd5 Ke7 54. Rb5 Kf6 55.
e5+ dxe5 56. fxe5+ Ke7 57. hxg6 hxg6 58. Ke4 Kd7 59. Rd5+ Kc6 60. Bb5+ Kb7 61.
e6 d3 62. cxd3 1-0

[Event "40th Olympiad Open"]
[Site "Istanbul TUR"]
[Date "2012.08.30"]
[Round "3.21"]
[Board "1"]
[White "Hansen, Torbjorn Ringdal"]
[Black "Rodriguez Vila, Andres"]
[Result "1/2-1/2"]
[WhiteTitle "IM"]
[BlackTitle "GM"]
[WhiteElo "2469"]
[BlackElo "2536"]
[WhiteTeam "Norway"]
[BlackTeam "Uruguay"]
[WhiteFideId "1501720"]
[BlackFideId "3000010"]
[EventDate "2012.08.28"]

1. Nf3 f5 2. g3 Nf6 3. Bg2 g6 4. O-O Bg7 5. c4 O-O 6. Nc3 d6 7. d4 Nc6 8. d5 Na5
9. b3 c5 10. Qc2 a6 11. Bb2 Rb8 12. Rae1 b5 13. Nd1 bxc4 14. bxc4 Bh6 15. e3 Ne4
16. Ba1 Rb4 17. Nd2 Nxd2 18. Qxd2 Rf7 19. Nb2 Bg7 20. Nd3 Nxc4 21. Qc2 Na3 22.
Qc1 Ra4 23. Bxg7 Rxg7 24. Nb2 Ra5 25. e4 Nb5 26. a4 Nd4 27. e5 Bd7 28. exd6 exd6
29. Nc4 Rxa4 30. Nxd6 Qb6 31. Ne8 Rf7 32. d6 Bc6 33. Qh6 Qd8 34. Bxc6 Nxc6 35.
Nc7 Re4 36. f3 Re5 37. Qd2 Rxe1 38. Rxe1 Nd4 39. Qf4 g5 40. Qe3 f4 41. Qe7 Nxf3+
42. Kh1 Qf8 43. Qxf8+ Rxf8 44. Re7 Nd4 45. gxf4 gxf4 46. d7 Nc6 47. Re8 Nd8 48.
Nxa6 c4 49. Re4 c3 1/2-1/2

[Event "40th Olympiad Open"]
[Site "Istanbul TUR"]
[Date "2012.08.30"]
[Round "3.21"]
[Board "2"]
[White "Crosa Coll, Martin"]
[Black "Urkedal, Frode"]
[Result "1/2-1/2"]
[WhiteTitle "IM"]
[BlackTitle "IM"]
[WhiteElo "2344"]
[BlackElo "2473"]
[WhiteTeam "Uruguay"]
[BlackTeam "Norway"]
[WhiteFideId "3000524"]
[BlackFideId "1506102"]
[EventDate "2012.08.28"]

1. e4 c5 2. Nf3 d6 3. c3 Nf6 4. Bd3 Nc6 5. Bc2 Bg4 6. d3 g6 7. Nbd2 Bg7 8. h3
Bd7 9. O-O O-O 10. a3 Rc8 11. Re1 b5 12. Nf1 e5 13. Be3 Re8 14. Ng3 Qe7 15. d4
cxd4 16. cxd4 exd4 17. Nxd4 Nxd4 18. Bxd4 Bc6 19. Qd2 Qb7 20. f3 Qb8 21. Rad1 d5
22. e5 Nd7 23. f4 Nf8 24. Qf2 a5 25. Bc5 Qb7 26. Bd6 f6 27. Bb3 fxe5 28. fxe5
Ne6 29. Qd2 Qb6+ 30. Kh1 Kh8 31. Bxd5 Bxd5 32. Qxd5 Rc2 33. Rd2 Rxd2 34. Qxd2
Nd8 35. Qf4 Qb7 36. Rc1 Qf7 37. Qd4 Qe6 38. Rc5 Nf7 39. Rxb5 Nxe5 40. Qd5 Qxd5
41. Rxd5 Nc4 42. Bc7 a4 43. Ne4 Bxb2 44. Nc5 Ra8 45. Rd8+ Rxd8 1/2-1/2

[Event "40th Olympiad Open"]
[Site "Istanbul TUR"]
[Date "2012.08.30"]
[Round "3.21"]
[Board "3"]
[White "Bae, Torstein"]
[Black "Roselli Mailhe, Bernardo"]
[Result "1-0"]
[WhiteTitle "IM"]
[BlackTitle "IM"]
[WhiteElo "2420"]
[BlackElo "2420"]
[WhiteTeam "Norway"]
[BlackTeam "Uruguay"]
[WhiteFideId "1501887"]
[BlackFideId "3000028"]
[EventDate "2012.08.28"]

1. e4 e6 2. d4 d5 3. Nc3 Bb4 4. e5 b6 5. a3 Bxc3+ 6. bxc3 Ne7 7. Qg4 Ng6 8. h4
h5 9. Qd1 Qd7 10. Ne2 Qc6 11. Bd2 Ba6 12. Ng3 Bxf1 13. Kxf1 Qc4+ 14. Kg1 c5 15.
Nxh5 Rh7 16. dxc5 Nxe5 17. cxb6 axb6 18. Nf4 Nbd7 19. Be3 Qxc3 20. Rh3 Qc4 21.
h5 Ke7 22. Rh4 Qc6 23. Ne2 Ra4 24. Nd4 Qa8 25. Bd2 Nc6 26. Nxc6+ Qxc6 27. Bb4+
Ke8 28. c4 Rh6 29. cxd5 exd5 30. Rd4 Nf6 31. Rc1 Qd7 32. Qe2+ Kd8 33. Be7+ Qxe7
34. Qxe7+ Kxe7 35. Rxa4 Nd7 36. g4 Rd6 37. Re1+ Kd8 38. Rd4 Nf6 39. Re5 Kc7 40.
Rg5 Ne8 41. Rgxd5 Rf6 42. g5 Rf3 43. Kg2 Rxa3 44. Rd7+ Kc6 45. Rd8 1-0

[Event "40th Olympiad Open"]
[Site "Istanbul TUR"]
[Date "2012.08.30"]
[Round "3.21"]
[Board "4"]
[White "Ulaneo, Nicolas"]
[Black "Moen, Andreas"]
[Result "0-1"]
[BlackTitle "FM"]
[WhiteElo "2181"]
[BlackElo "2348"]
[WhiteTeam "Uruguay"]
[BlackTeam "Norway"]
[WhiteFideId "3001377"]
[BlackFideId "1501453"]
[EventDate "2012.08.28"]

1. d4 d5 2. c4 c6 3. Nf3 Nf6 4. e3 e6 5. b3 Nbd7 6. Bb2 Bb4+ 7. Nbd2 O-O 8. Bd3
Qe7 9. O-O Rd8 10. Qe2 c5 11. Rad1 cxd4 12. exd4 b6 13. Ne5 Bb7 14. f4 Rac8 15.
f5 exf5 16. Bxf5 Rc7 17. a3 Bd6 18. Rde1 Nf8 19. Qf2 Ne4 20. Nxe4 dxe4 21. Bxe4
Bxe4 22. Rxe4 f6 23. b4 fxe5 24. dxe5 Rb7 25. Qf3 Bb8 26. e6 Ng6 27. Qc3 Qd6 28.
g3 Rf8 29. Rf7 Rbxf7 30. exf7+ Rxf7 31. Re8+ Nf8 32. c5 bxc5 33. bxc5 Qd5 34. c6
Bc7 35. Bc1 Qd8 0-1

[Event "40th Olympiad Open"]
[Site "Istanbul TUR"]
[Date "2012.08.30"]
[Round "3.22"]
[Board "1"]
[White "Gundavaa, Bayarsaikhan"]
[Black "Smerdon, David"]
[Result "1-0"]
[WhiteTitle "IM"]
[BlackTitle "GM"]
[WhiteElo "2519"]
[BlackElo "2507"]
[WhiteTeam "Mongolia"]
[BlackTeam "Australia"]
[WhiteFideId "4901045"]
[BlackFideId "3202305"]
[EventDate "2012.08.28"]

1. d4 e6 2. c4 f5 3. Nf3 Nf6 4. g3 d5 5. Bg2 c6 6. O-O Bd6 7. b3 Qe7 8. Bb2 b6
9. Nbd2 Bb7 10. Ne5 O-O 11. Qc2 Ne4 12. Ndf3 Nd7 13. Rac1 a5 14. Nxd7 Qxd7 15.
Ne5 Qe7 16. f3 Nf6 17. c5 Bxe5 18. dxe5 Nd7 19. Bd4 b5 20. a3 b4 21. a4 Ba6 22.
Qd2 g5 23. Rf2 Rf7 24. e4 dxe4 25. fxe4 f4 26. gxf4 gxf4 27. Rxf4 Raf8 28. Rg4+
Rg7 29. Rxg7+ Qxg7 30. Kh1 h6 31. Rg1 Kh7 32. Bh3 Qf7 33. Bf5+ exf5 34. e6 Qe7
35. Rg7+ Qxg7 36. Bxg7 1-0